000 00662nam a2200205Ia 4500
003 GCL
008 140319s9999 xx 000 0 ara d
040 _aGCL /
_cGCL
082 0 4 _a813.02
_bم ح
100 1 _aمحمد حافظ رجب
245 1 0 _aحماصة وقهقة الحمير الذكية : قصص /
_cمحمد حافظ رجب
300 _a92 ص
490 _aكتاب الاربعائيون
_v0
650 0 4 _aالادب العربى
650 0 4 _aالقصص القصيرة
650 0 4 _aالقصة القصيرة
650 0 4 _aالقصة العربية- مصر
650 0 4 _aالقصص العربية القصيرة - مصر
942 _2ddc
_cBK
999 _c47468
_d47468